01785cam a22003375i 4500999001700000001000900017003000900026005001700035008004100052020002400093040003800117082002200155245007400177264007700251300004900328336002600377337002800403338002700431490002100458504005100479520053100530650004101061650004101102650003401143653002701177655001701204700003501221700003101256942001201287952014801299 c27800d2777118353702EG-ScBUE20191209104021.0141030s2017 enka f b 001 0 eng d z9781138093126 (pbk) aDLCbengerdacDLCdDLCdEG-ScBUE04a809.9112bMOD22204aThe Modernist World /cedited by Stephen Ross and Allana C. Lindgren. 1aAbingdon, Oxon ;aNew York :bRoutledge / Taylor & Francis Group,c2017. axxxiii, 615 pages :billustrations ;c26 cm. atextbtxt2rdacontent aunmediatedbn2rdamedia avolumebnc2rdacarrier0 aRoutledge Worlds aIncludes bibliographical references and index. a"The modernist world is an accessible yet cutting edge volume, which redraws the boundaries and connections between interdisciplinary and transnational modernisms. Over 60 new essays are equally divided to address literature, visual arts, theatre, dance, architecture, music and film, with a final section drawing these together as 'intellectual currents'. The book also covers a variety of 'modernisms' from around the globe, drawing innovative links and connections to paint a picture of the 'Modernist World'."--Back cover. 7aModernism (Literature)2BUEsh939782 aModernism (Aesthetics)2BUEsh939783 7aModernism (Art)2BUEsh935888 bHHUUEENNcNovember2019 vReading book1 aRoss, Stephen,d1970-eeditor.1 aLindgren, Allana,eeditor. 2ddccBB 00102ddc40708BaccahaMAINbMAINc2NDd2019-11-21ePurchaseg780.00l0o809.9112 MODp000048282r2025-07-15 00:00:00v975.00w2019-11-21yBB